000 01847nam a2200361 c 4500
003 BLK
005 20180422110632.0
008 180409b bul|||||r ||||||| ||bul||
010 _aKNG00125355000
040 _aBLK
041 _aBUL
_cBUL
080 _aОбща физиология на клетката на организма
_b612.014
_x
_z612.014
080 _aНаследствени болести. Наследствени пороци. Наследствено предрасположение. - Предаване на болестите от родителите, болести втора генерация, фамилни болести;злополуки, емоции на майката по време на бре
_b616-056.7
_x
_z616-056.7
100 1 _aГеоргиева, Венета Любомирова
_eпърви автор
_9364023
139 _aАктуални проблеми на медико-биологичните науки
_bА 45
245 1 0 _aАктуални проблеми на медико-биологичните науки
_bИзследване
_cВенета Любомирова Георгиева.
257 _aBGR
260 София
_bМедицина и физкултура
_c1986
300 _a291 с.
_bс ил., табл., диагр., 16 л. ил.
_c22 см
380 _a61
500 _aБиблиогр. след отд. гл.
650 4 _aХромозоми
_9176970
653 _aбиологични мембрани
653 _aбиофизика
653 _aбиохимия
653 _aхромозоми
653 _aболести
852 _aЦб 141640
856 4 _qpdf
_u
856 4 _qpdf
_u
942 _cKNG
_n0
944 _aCR
_c26.08.2011
_l26.08.2011 - от С1,Р / 26.08.2011
_kКети_Илиева
944 _aED
_c26.08.2011
_l26.08.2011 - от С1,Р / 26.08.2011
_k
999 _c119740
_d119740